01050nam a2200241Ia 4500001000600000003000900006008004100015040001300056040001300069041001300082100001800095100002900113245005000142245005300192250001100245260000900256260001300265260004900278300005700327500035000384650004300734650003100777D1341IT-RoPAU130308s9999 xx 000 0 und d aIT-RoPAU cIT-RoPAU aITALIANO aWellman Barry gCodice Aut. SPICS: 43744 aAnalisi strutturale: un paradigma alternativo bReti. L'Analisi di network nelle Scienze Sociali a1a ed. aROMA bDonzelli c1995 [1° Ed.:1995 - Ed.Ling.Originale:1988] a"23 p. (prefazione: no ; testo: 23 [pagine: 27-49])" aEquivoci. Alternativa Strutturale. norme Derivano Dalla posizione Nei sistemi Strutturati di relazioni Sociali. strutture Sociali Determinano L'Attività delle relazioni Diadiche. Mondo è composto di Networks e Non di Gruppi. Metodi Strutturali Integrano e Sostituiscono I Metodi Individualistici. Alcuni Principi Analitici. Stato dell'arte . aSOCIOLOGIA DELLA COMUNICAZIONE SOCIALE eCodice materia Spics: 3806